00391nam a22001337a 4500008004100000020001800041050002600059100002200085245005600107250001200163260005600175300001000231650001600241171205b xxu||||| |||| 00| 0 eng d a9789966469175 aAFR PR 9387 .N48 2015 aNgugi wa Thiong'o aSecret Lives and other stories /cNgugi wa Thiong'o a1st ed. aKenya:bEast African Educational Publishers,c2015. a132p. aLiterature.